000 00743nam a2200229 a 4500
001 13610
003 BD-JhCC
005 20240304074912.0
008 171128s20162018bg |||| ||a| 000 0 ben d
020 _a984900781171
035 _a(BD-JhCC)13610
040 _aBD-JhCC
_dBD-JhCC
041 _abengali
082 _a891.443
_bCHA 2018
100 _a চট্টোপাধ্যায় ,বঙ্কিমচন্দ্র
245 _aরাজসিংহ /
_cবঙ্কিমচন্দ্র চট্টোপাধ্যায় ।
260 _aঢাকা :
_bসুচয়নী পাবলিশার্স;
_c2018.
300 _a141 p. :
_c22 cm.
650 _aBengali Novel.
942 _2ddc
_cBK
999 _c13610
_d13610